Statistics for Achievements of European nations

Click here to take the quiz!

General Stats

  • This quiz has been taken 30 times
  • The average score is 11 of 20

Answer Stats

HintAnswer% Correct
Most Neutral NationSwitzerland
96%
Largest empire in historyUnited Kingdom
96%
2nd Largest navy in 1914Germany
88%
Largest nation in the BalkansRomania
76%
Nation that holds the arts and culture capital of Central EuropeAustria
68%
Most UNESCO heritage sitesItaly
68%
Nation recognized by JetpunkKosovo
64%
Last official dictatorshipBelarus
60%
Nation that had 6 republics and 2 empiresFrance
56%
Entire nation is a UNESCO heritage siteVatican
56%
Nation that lost over 70% of its territory since 1900 and was allies with the AxisHungary
52%
Has the 2nd largest city in EuropeTurkey
48%
Only co-principality in the worldAndorra
44%
Most lakes in EuropeFinland
44%
Poorest nation in the EUBulgaria
40%
The nation whos capital went from 128k to over 2 million population in the BalkansGreece
36%
France almost bought this nation in the 1860sLuxembourg
36%
lost independence for 123 yearsPoland
32%
Largest GNI in EuropeMonaco
16%
Nation which host the city where the shots of ww1 startedBosnia and Herzegovnia
8%

Score Distribution

Percentile by Number Answered

Percent of People with Each Score

Your Score History

You have not taken this quiz